Classic landforms of the Burren Karst /

Bibliographic Details
Main Author: Drew, David
Corporate Authors: Geographical Association, British Geomorphological Research Group
Format: Book
Language:English
Published: Sheffield : Geographical Association in conjunction with the British Geomorpological Research Group, 2001.
Series:Classic landform guides.
Subjects:

MARC

Tag First Indicator Second Indicator Subfields
LEADER 00000cam a2200000Ma 4500
001 in00001761823
005 20151025051820.0
008 010502s2001 enkab b 000 0 eng d
020 |a 1899085912 
035 |a (OCoLC)ocm49720784 
040 |a EQO  |c EQO  |d OCLCQ  |d GZM  |d TXA  |d UtOrBLW 
043 |a e-uk-en 
049 |a TXAM 
090 |a GB436.I73  |b D75 2001 
100 1 |a Drew, David. 
245 1 0 |a Classic landforms of the Burren Karst /  |c David Drew. 
264 1 |a Sheffield :  |b Geographical Association in conjunction with the British Geomorpological Research Group,  |c 2001. 
300 |a 52 pages :  |b color illustrations, maps ;  |c 23 cm. 
336 |a text  |b txt  |2 rdacontent 
337 |a unmediated  |b n  |2 rdamedia 
338 |a volume  |b nc  |2 rdacarrier 
490 1 |a Classic landform guides 
504 |a Includes bibliographical references (pages 50-51). 
650 0 |a Landforms  |z Ireland  |z Burren Karst. 
710 2 |a Geographical Association. 
710 2 |a British Geomorphological Research Group. 
830 0 |a Classic landform guides. 
948 |a cataloged  |b h  |c 2003/11/7  |d c  |e jgreene  |f 1:13:22 pm 
994 |a E0  |b TXA 
999 |a MARS 
999 f f |s a8d9346e-a2ab-3350-8a0c-2bbeb8968ceb  |i d3c750fd-285b-3f9c-a273-db77e9f76079  |t 0 
952 f f |p ric  |a Texas A&M University  |b Rellis Campus  |c Joint Library Facility  |d Remote Storage  |t 0  |e GB436.I73 D75 2001  |h Library of Congress classification  |i unmediated -- volume  |m A14830765386 
998 f f |a GB436.I73 D75 2001  |t 0  |l Remote Storage